[Event "African Online op"]
[Site "Tornelo INT"]
[Date "2021.02.05"]
[Round "9"]
[White "Khalema, Sechaba"]
[Black "Ebersohn, Raymond Gerhard"]
[Result "0-1"]
[WhiteElo "1827"]
[BlackElo "1726"]
[PlyCount "72"]
[EventDate "2021.02.01"]
[EventType "swiss (rapid)"]
[EventRounds "9"]
[EventCountry "NET"]
[SourceTitle "CBM 200 Extra"]
[Source "ChessBase"]
[SourceDate "2021.03.31"]
[SourceVersion "1"]
[SourceVersionDate "2021.03.31"]
[SourceQuality "1"]

1. d4 Nf6 2. c4 e6 3. Nf3 Bb4+ 4. Nbd2 b6 5. e3 Bb7 6. Bd3 Ne4 7. 0-0 Nxd2 8. Bxd2 Bxd2 9. Nxd2 f5 10. f4 Qf6 11. b4 0-0 12. Be2 Nc6 13. Bf3 Nd8 14. Nb3 Bxf3 15. Qxf3 Nf7 16. a4 Nd6 17. Rfc1 Ne4 18. c5 Rac8 19. Rc2 c6 20. Qf1 Rb8 21. b5 Rfc8 22. Rac1 cxb5 23. axb5 bxc5 24. dxc5 e5 25. Qd3 exf4 26. exf4 Qh6 27. g3 Qe6 28. Ra1 Rc7 29. Ra6 Qe7 30. Rd6 Nxd6 31. cxd6 Qe1+ 32. Kg2 Rxc2+ 33. Qxc2 Qe4+ 34. Qxe4 fxe4 35. Nc5 Rxb5 36. Nxd7 Rd5 0-1

[Event "African Online op"]
[Site "Tornelo INT"]
[Date "2021.02.04"]
[Round "6"]
[White "Khalema, Sechaba"]
[Black "Vermaak, Ashley Christopher"]
[Result "0-1"]
[WhiteElo "1827"]
[BlackElo "1751"]
[PlyCount "74"]
[EventDate "2021.02.01"]
[EventType "swiss (rapid)"]
[EventRounds "9"]
[EventCountry "NET"]
[SourceTitle "CBM 200 Extra"]
[Source "ChessBase"]
[SourceDate "2021.03.31"]
[SourceVersion "1"]
[SourceVersionDate "2021.03.31"]
[SourceQuality "1"]

1. d4 d5 2. c4 c6 3. cxd5 cxd5 4. Nc3 Nf6 5. Bf4 Nc6 6. e3 a6 7. Bd3 Bg4 8. Nge2 e6 9. h3 Bh5 10. 0-0 Bd6 11. Qd2 Bg6 12. Rac1 Rc8 13. Rfd1 0-0 14. Kh1 Ne4 15. Bxe4 Bxe4 16. Nxe4 dxe4 17. a3 Bxf4 18. Nxf4 g5 19. Ne2 Ne7 20. Rxc8 Qxc8 21. Rc1 Qd7 22. Rc5 Nd5 23. Qc2 f5 24. Kg1 h5 25. g4 hxg4 26. hxg4 Qf7 27. gxf5 Qxf5 28. Ng3 Qf3 29. Nxe4 Rf5 30. Ng3 Nxe3 31. Rc8+ Kh7 32. Rc7+ Kg6 33. Qe4 Qxf2+ 34. Kh1 Qe1+ 35. Kh2 Qf2+ 36. Kh1 Qe1+ 37. Kh2 Nf1+ 0-1

[Event "Online Olym Div4 C"]
[Site "Chess.com INT"]
[Date "2020.08.01"]
[Round "6.3"]
[White "Khalema, Sechaba"]
[Black "Ahmed Hassan, Ahmed"]
[Result "1-0"]
[WhiteElo "1827"]
[BlackElo "2105"]
[PlyCount "79"]
[EventDate "2020.07.31"]
[EventType "team-tourn (rapid)"]
[EventRounds "9"]
[EventCountry "USA"]
[SourceTitle "CBM 198"]
[Source "ChessBase"]
[SourceDate "2020.10.31"]
[SourceVersion "1"]
[SourceVersionDate "2020.10.31"]
[SourceQuality "1"]
[WhiteTeam "Lesotho"]
[BlackTeam "Sudan"]
[WhiteTeamCountry "LES"]
[BlackTeamCountry "SUD"]

1. d4 Nf6 2. c4 g6 3. Nc3 Bg7 4. e4 d6 5. Nf3 0-0 6. Be2 e5 7. 0-0 Nc6 8. d5 Ne7 9. Bd2 c5 10. Ne1 Ne8 11. a3 f5 12. exf5 gxf5 13. f4 Ng6 14. Nd3 e4 15. Ne1 Nf6 16. Nc2 Bd7 17. Rb1 Kh8 18. Kh1 Qe8 19. Qe1 a6 20. b4 b6 21. Ne3 Bh6 22. g3 Bg7 23. Ncd1 Ng4 24. Bxg4 fxg4 25. Bc3 h5 26. Bxg7+ Kxg7 27. Qc3+ Kh7 28. bxc5 bxc5 29. Rb6 Qe7 30. Rf2 h4 31. Rfb2 Ra7 32. Rb7 Rfa8 33. Kg1 Kg8 34. Nf2 hxg3 35. hxg3 Qh7 36. Nfxg4 Qh3 37. Nf6+ Kf7 38. Nxe4 Ke8 39. Qf6 Nh4 40. Nxd6# 1-0

[Event "Olympiad-43"]
[Site "Batumi"]
[Date "2018.10.03"]
[Round "9.1"]
[White "Gavarrete, Nahun"]
[Black "Khalema, Sechaba"]
[Result "1-0"]
[WhiteElo "2249"]
[BlackElo "1779"]
[PlyCount "83"]
[EventDate "2018.09.24"]
[EventType "team-swiss"]
[EventRounds "11"]
[EventCountry "GEO"]
[SourceTitle "CBM 187"]
[Source "ChessBase"]
[SourceDate "2018.12.11"]
[SourceVersion "1"]
[SourceVersionDate "2018.12.11"]
[SourceQuality "1"]
[WhiteTeam "Honduras"]
[BlackTeam "Lesotho"]
[WhiteTeamCountry "HON"]
[BlackTeamCountry "LES"]

1. e4 e5 2. f4 exf4 3. Nf3 Ne7 4. d4 Ng6 5. Nc3 Bb4 6. h4 h5 7. Bc4 Be7 8. Nd5 c6 9. Nxf4 Nxf4 10. Bxf4 d5 11. exd5 cxd5 12. Bb3 Nc6 13. Qd3 a6 14. 0-0-0 Bg4 15. Rde1 Rc8 16. Ne5 Be6 17. Ng6 fxg6 18. Rxe6 0-0 19. g3 Rf5 20. c3 Qd7 21. Rhe1 Kf7 22. Bc2 Bf8 23. g4 Nb4 24. cxb4 Rxc2+ 25. Qxc2 Rxf4 26. Qxg6+ Kg8 27. gxh5 Rxh4 28. Rf1 Rf4 29. Rg1 Qb5 30. Rf6 Rxf6 31. Qxf6 Qd3 32. Qe6+ Kh8 33. h6 Qf3 34. Qe8 g5 35. Re1 Kh7 36. Qe3 Qf5 37. Qe5 Qf3 38. Kc2 g4 39. Qc7+ Kh8 40. Re8 Qf5+ 41. Kb3 Qf1 42. Qg7# 1-0

[Event "Olympiad-42"]
[Site "Baku"]
[Date "2016.09.10"]
[Round "8.1"]
[White "Beraki, Kibrom Weldegebriel"]
[Black "Khalema, Sechaba"]
[Result "1-0"]
[WhiteElo "1760"]
[BlackElo "1754"]
[PlyCount "72"]
[EventDate "2016.09.02"]
[EventType "team-swiss"]
[EventRounds "11"]
[EventCountry "AZE"]
[SourceTitle "CBM 175"]
[Source "ChessBase"]
[SourceDate "2016.11.10"]
[SourceVersion "1"]
[SourceVersionDate "2016.11.10"]
[SourceQuality "1"]
[WhiteTeam "Eritrea"]
[BlackTeam "Lesotho"]
[WhiteTeamCountry "ERI"]
[BlackTeamCountry "LES"]

1. Nf3 Nf6 2. g3 b6 3. Bg2 Bb7 4. d4 e6 5. c4 Be7 6. Nc3 0-0 7. 0-0 Ne4 8. Qc2 Nxc3 9. bxc3 f5 10. Rd1 d6 11. Qb3 c6 12. a4 Nd7 13. a5 Ba6 14. Bf4 d5 15. cxd5 exd5 16. Qa2 Bc4 17. Qc2 g6 18. h4 Nf6 19. Ne5 Qe8 20. Bh6 Rf7 21. axb6 axb6 22. Rxa8 Qxa8 23. Nxf7 Kxf7 24. Qb2 b5 25. Ra1 Qc8 26. Bf4 Qe6 27. Bf3 Nd7 28. Ra7 Nf6 29. Bg5 Ng8 30. Qd2 Ke8 31. Bxe7 Nxe7 32. h5 Kf7 33. Qh6 Bxe2 34. Qxh7+ Ke8 35. Qh8+ Kf7 36. hxg6+ Qxg6 1-0

[Event "Olympiad-42"]
[Site "Baku"]
[Date "2016.09.04"]
[Round "3.2"]
[White "Khalema, Sechaba"]
[Black "Cox, Valentine"]
[Result "1/2-1/2"]
[WhiteElo "1754"]
[BlackElo "1867"]
[PlyCount "103"]
[EventDate "2016.09.02"]
[EventType "team-swiss"]
[EventRounds "11"]
[EventCountry "AZE"]
[SourceTitle "CBM 175"]
[Source "ChessBase"]
[SourceDate "2016.11.10"]
[SourceVersion "1"]
[SourceVersionDate "2016.11.10"]
[SourceQuality "1"]
[WhiteTeam "Lesotho"]
[BlackTeam "Bahamas"]
[WhiteTeamCountry "LES"]
[BlackTeamCountry "BAH"]

1. d4 Nf6 2. c4 g6 3. Nf3 Bg7 4. e3 0-0 5. Be2 d6 6. 0-0 Nc6 7. b3 a5 8. Bb2 Bd7 9. Nc3 Re8 10. Ne1 e5 11. d5 Nb4 12. a3 Na6 13. Nc2 Bf5 14. Rc1 Nc5 15. Ne1 Nfe4 16. Nxe4 Nxe4 17. Bd3 Qc8 18. Bxe4 Bxe4 19. f3 Bf5 20. e4 Bd7 21. a4 b6 22. Qd2 Qd8 23. Nc2 Qh4 24. Qf2 Qh5 25. Na3 f5 26. Nb5 Rac8 27. Bc3 fxe4 28. fxe4 Rf8 29. Qc2 Bh6 30. Rxf8+ Rxf8 31. Re1 Rf7 32. Bd2 Bg4 33. h3 Bc8 34. Bxh6 Qxh6 35. Qe2 Qf4 36. Rf1 Qg5 37. Rxf7 Kxf7 38. Qf3+ Ke7 39. Nxc7 Qc1+ 40. Kh2 Qf4+ 41. Qxf4 exf4 42. Nb5 Bd7 43. Nd4 Kf6 44. Nf3 g5 45. g4 fxg3+ 46. Kxg3 h5 47. h4 gxh4+ 48. Kxh4 Bg4 49. Nd2 Ke5 50. c5 dxc5 51. Nc4+ Kxe4 52. d6 1/2-1/2

[Event "Olympiad-42"]
[Site "Baku"]
[Date "2016.09.03"]
[Round "2.2"]
[White "Khalema, Sechaba"]
[Black "Rajaonarison, Faniry"]
[Result "0-1"]
[WhiteElo "1754"]
[BlackElo "2150"]
[PlyCount "114"]
[EventDate "2016.09.02"]
[EventType "team-swiss"]
[EventRounds "11"]
[EventCountry "AZE"]
[SourceTitle "CBM 175"]
[Source "ChessBase"]
[SourceDate "2016.11.10"]
[SourceVersion "1"]
[SourceVersionDate "2016.11.10"]
[SourceQuality "1"]
[WhiteTeam "Lesotho"]
[BlackTeam "Madagascar"]
[WhiteTeamCountry "LES"]
[BlackTeamCountry "MAD"]

1. d4 Nf6 2. c4 c5 3. d5 b5 4. Qc2 e6 5. e4 bxc4 6. Bxc4 exd5 7. exd5 d6 8. Nf3 Be7 9. 0-0 0-0 10. Nc3 Bg4 11. Ng5 g6 12. b3 Nbd7 13. f3 Bf5 14. Nge4 Rb8 15. Bb2 Nb6 16. Rad1 h5 17. Ba1 Nxc4 18. bxc4 Rb4 19. Qe2 Re8 20. a3 Rb3 21. Qa2 Rb8 22. Rfe1 a6 23. Ng3 Bd7 24. Qd2 h4 25. Nge4 Nh5 26. Ne2 Rb3 27. Qc2 Rb8 28. Qd2 Kh7 29. Qc3 Rg8 30. Qe3 f5 31. Nf2 Bg5 32. f4 Re8 33. Qf3 Bh6 34. Nh3 Ba4 35. Rb1 Rxb1 36. Rxb1 Qe7 37. Nc3 Bc2 38. Rc1 Bb3 39. Nb1 Qe3+ 40. Qxe3 Rxe3 41. Kf2 Nxf4 42. Nxf4 Bxf4 43. Nd2 Ba2 44. Rc2 Rxa3 45. Bf6 h3 46. g3 Be3+ 47. Ke2 Bg1 48. Nf3 Re3+ 49. Kf1 Rxf3+ 50. Kxg1 Bb3 51. Rc1 Re3 52. Kf2 Re4 53. Rb1 Bxc4 54. Rb7+ Kh6 55. Rd7 Re2+ 56. Kg1 Rg2+ 57. Kh1 Rf2 0-1

[Event "Johannesburg Tsogo Sun op"]
[Site "Johannesburg"]
[Date "2015.07.19"]
[Round "9"]
[White "Khalema, Sechaba"]
[Black "Mazibuko, Khanya"]
[Result "1-0"]
[WhiteElo "1726"]
[BlackElo "1515"]
[PlyCount "76"]
[EventDate "2015.07.15"]
[EventType "swiss"]
[EventRounds "9"]
[EventCountry "RSA"]
[SourceTitle "CBM 167 Extra"]
[Source "ChessBase"]
[SourceDate "2015.09.14"]
[SourceVersion "1"]
[SourceVersionDate "2015.09.14"]
[SourceQuality "1"]

1. d4 Nf6 2. Nf3 e6 3. c4 b6 4. a3 Bb7 5. Nc3 d5 6. cxd5 Nxd5 7. e3 Nxc3 8. bxc3 c5 9. Bd3 Be7 10. 0-0 0-0 11. Bb2 Nd7 12. e4 Nf6 13. Qe2 Rc8 14. Rfd1 Qc7 15. Rac1 c4 16. Bb1 Rfd8 17. Ne5 Bd6 18. f4 Nd7 19. Rf1 f6 20. Nxd7 Qxd7 21. e5 Be7 22. exf6 gxf6 23. f5 e5 24. dxe5 Kh8 25. Be4 Bxe4 26. Qxe4 Bc5+ 27. Kh1 Qd2 28. Rc2 Qd3 29. Qe2 Qxe2 30. Rxe2 fxe5 31. Rxe5 Rd2 32. Bc1 Rc2 33. f6 Rf8 34. Bh6 Bxa3 35. f7 Rxc3 36. Re8 Rc1 37. Bxc1 Kg7 38. Bxa3 Rh8 1-0

[Event "Johannesburg Tsogo Sun op"]
[Site "Johannesburg"]
[Date "2015.07.19"]
[Round "8"]
[White "Peretz, Leon"]
[Black "Khalema, Sechaba"]
[Result "1-0"]
[WhiteElo "1912"]
[BlackElo "1726"]
[PlyCount "49"]
[EventDate "2015.07.15"]
[EventType "swiss"]
[EventRounds "9"]
[EventCountry "RSA"]
[SourceTitle "CBM 167 Extra"]
[Source "ChessBase"]
[SourceDate "2015.09.14"]
[SourceVersion "1"]
[SourceVersionDate "2015.09.14"]
[SourceQuality "1"]

1. d4 d5 2. c4 e6 3. Nc3 Nf6 4. Bg5 Be7 5. e3 0-0 6. Nf3 h6 7. Bh4 Ne4 8. Bxe7 Qxe7 9. cxd5 Nxc3 10. bxc3 exd5 11. Bd3 Nd7 12. 0-0 Nf6 13. Ne5 c5 14. Rc1 Rd8 15. Bb1 Bd7 16. Qc2 Rac8 17. Qb2 Rc7 18. Rce1 Rdc8 19. f3 a6 20. Nxd7 Qxd7 21. e4 cxd4 22. cxd4 Rc3 23. e5 Nh5 24. Qd2 Qe7 25. g4 1-0

[Event "Johannesburg Tsogo Sun op"]
[Site "Johannesburg"]
[Date "2015.07.18"]
[Round "7"]
[White "Khalema, Sechaba"]
[Black "Nene, Themba"]
[Result "1/2-1/2"]
[WhiteElo "1726"]
[BlackElo "1954"]
[PlyCount "147"]
[EventDate "2015.07.15"]
[EventType "swiss"]
[EventRounds "9"]
[EventCountry "RSA"]
[SourceTitle "CBM 167 Extra"]
[Source "ChessBase"]
[SourceDate "2015.09.14"]
[SourceVersion "1"]
[SourceVersionDate "2015.09.14"]
[SourceQuality "1"]

1. d4 d6 2. Nf3 g6 3. c4 Bg7 4. Nc3 c6 5. g3 Qc7 6. Bg2 Nf6 7. 0-0 0-0 8. Qb3 Nbd7 9. Bd2 e5 10. Rfd1 Nb6 11. d5 cxd5 12. cxd5 Qc4 13. Qxc4 Nxc4 14. Bc1 Nb6 15. e4 Bg4 16. h3 Bd7 17. Bg5 h6 18. Bxf6 Bxf6 19. Rac1 Rfc8 20. Bf1 a6 21. Ne2 Na4 22. b3 Nc5 23. Nd2 Bg5 24. Nc4 Bxc1 25. Nxc1 Rd8 26. Bg2 Bb5 27. Ne3 Rac8 28. f3 Rc7 29. h4 Rdc8 30. Bh3 Bd7 31. Bxd7 Nxd7 32. Nd3 Kf8 33. Kf1 Ke7 34. Ke2 Nc5 35. Nxe5 Kf8 36. N5c4 Rd8 37. Rd2 f6 38. Nb6 Nd7 39. Nbc4 Ne5 40. Kf2 b5 41. Na3 Rdc8 42. Nac2 Kg7 43. Nd4 Rc1 44. Ne6+ Kf7 45. Nf4 h5 46. Ne2 R1c7 47. Nd4 Rc1 48. Ne2 R1c5 49. Nf4 a5 50. Ne6 Rc3 51. Nd4 Rd3 52. Rxd3 Nxd3+ 53. Ke2 Nc1+ 54. Kd2 Nxa2 55. Nxb5 Ke7 56. Nc4 Rb8 57. Nd4 Ra8 58. Nxa5 Nb4 59. Nac6+ Nxc6 60. dxc6 d5 61. b4 dxe4 62. fxe4 Kd6 63. Ke3 Ke5 64. Nb5 g5 65. c7 Rc8 66. Kf3 Ke6 67. Ke3 gxh4 68. gxh4 Kd7 69. Kf4 Rg8 70. Kf5 Rg4 71. Nc3 Kxc7 72. Nd5+ Kc6 73. Nxf6 Rxh4 74. Kg5 1/2-1/2